00741nam a2200217Ii 45000010005000000030009000050080041000140400033000550410008000880820015000961000036001112450028001472640054001753000012002293360026002413370028002673380027002959400050003229990017003729520134003893289CO-ViMGA241108s9999||||xx |||||||||||||| ||und|| aCO-ViMGAbspaerdacCO-ViMGA0 aspa04aC861 C965p1 aTulio Mario Cuervo Hoyos95246610aPretextos Para el Vuelo 1aBogotá, Colombia : Imprenta Departamental, 2000 avolumen atextbtxt2rdacontent aunmediatedbn2rdamedia avolumebnc2rdacarrier aidficha_siabuc: 3212. -- ficha_no_siabuc:3289 c47252d47252 001040708001aMEVIGERRbMEVIGERRcGENd2006-11-27oC861 C965ppECA1824r2024-11-26 09:37:05tEj.1w2024-11-26yBKz3212 | 4645